[Event "Elit(Rockaden,Sthlm-Limhamn)"]
[Site "?"]
[Date "2019.03.31"]
[Round "9"]
[White "Wiedenkeller, Michael"]
[Black "Lindgren, Philip"]
[Result "1-0"]
[WhiteElo "2463"]
[BlackElo "2379"]
[PlyCount "113"]
1. d4 d5 2. c4 c6 3. Nc3 Nf6 4. e3 e6 5. Nf3 Nbd7 6. Bd3 dxc4 7. Bxc4 b5 8. Bd3
Bb7 9. e4 b4 10. Na4 c5 11. e5 Nd5 12. O-O cxd4 13. Re1 g6 14. Bg5 Qa5 15. Nxd4
a6 16. Bd2 Bg7 17. a3 Nxe5 18. Be4 O-O 19. axb4 Qc7 20. Rc1 Qe7 21. Nc5 Rad8
22. Qe2 Rd6 23. Bc3 Rfd8 24. Ndb3 Nxc3 25. bxc3 Bxe4 26. Qxe4 Nd3 27. Nxd3 Rxd3
28. Qc4 Qf6 29. Nd4 Rd2 30. Nf3 R2d6 31. h3 h5 32. Qe4 Bh6 33. Rc2 Bd2 34. Rxd2
Rxd2 35. Nxd2 Rxd2 36. Qe3 Rc2 37. Rc1 Qf5 38. c4 Rxc1+ 39. Qxc1 Qe4 40. c5 Qc6
41. Qd2 Qc7 42. Qd3 Qf4 43. Qc3 Kf8 44. c6 Qc7 45. Qc4 Qc8 46. c7 Ke7 47. Qc6
Kf8 48. g3 Ke7 49. Kf1 Kf8 50. Ke2 Ke7 51. Ke3 e5 52. g4 hxg4 53. hxg4 f6 54.
f3 f5 55. g5 f4+ 56. Ke2 Kf7 57. Qf6+ 1-0

[Event "Elit(Eksjo-Stockholms SS)"]
[Site "?"]
[Date "2019.03.31"]
[Round "9"]
[White "Ornstein, Axel"]
[Black "Lokander, Martin"]
[Result "0-1"]
[WhiteElo "2301"]
[BlackElo "2415"]
[PlyCount "78"]
1. e4 e5 2. Nf3 Nc6 3. Bc4 Nf6 4. d4 exd4 5. e5 Ng4 6. O-O Be7 7. Re1 d6 8.
exd6 cxd6 9. Nxd4 O-O 10. Nc3 Bh4 11. g3 Bf6 12. Ndb5 a6 13. Nxd6 Bd4 14. Nce4
Nxf2 15. Nxf2 Qxd6 16. Be3 Qc5 17. Bxd4 Nxd4 18. Bd3 Be6 19. c3 Nc6 20. Qe2
Rad8 21. Qe3 Qh5 22. Be2 Qg6 23. Bd3 Bf5 24. Bxf5 Qxf5 25. Rad1 h5 26. Kg2 Rd5
27. Qf3 Qxf3+ 28. Kxf3 Rfd8 29. Rxd5 Rxd5 30. Rd1 Rf5+ 31. Kg2 Ne5 32. Rd8+ Kh7
33. Rd5 Kg6 34. Rd6+ f6 35. Rb6 Nc4 36. Rxb7 Ne3+ 37. Kg1 h4 38. gxh4 Ra5 39.
a3 Rd5 0-1

[Event "Elit(Rockaden,Sthlm-Limhamn)"]
[Site "?"]
[Date "2019.03.31"]
[Round "9"]
[White "Hansen, Mads"]
[Black "Engqvist, Thomas"]
[Result "1/2-1/2"]
[WhiteElo "2403"]
[BlackElo "2324"]
[PlyCount "105"]
1. e4 d5 2. exd5 Qxd5 3. Nc3 Qd6 4. d4 Nf6 5. Nf3 c6 6. Ne5 Nbd7 7. Nc4 Qc7 8.
Qf3 Nb6 9. Ne5 Qd6 10. Be3 h5 11. h3 Bg4 12. Qf4 Be6 13. O-O-O g6 14. Be2 O-O-O
15. a3 Bg7 16. Qf3 h4 17. Bf4 Bh6 18. Bxh6 Rxh6 19. Qe3 Rh7 20. Bg4 Kb8 21.
Bxe6 Qxe6 22. Rhe1 Ka8 23. Kb1 Qf5 24. Rd3 Nfd7 25. Ng4 e6 26. Ne4 Nc4 27. Qc1
Qb5 28. Rb3 Qa5 29. Rc3 Ndb6 30. Ngf6 Rhh8 31. Rd1 e5 32. Rcd3 Na4 33. b4 Qb6
34. dxe5 Nxe5 35. Nd7 Rxd7 36. Rxd7 Nxd7 37. Rxd7 f5 38. Ng5 Qxf2 39. Qd2 Qf1+
40. Ka2 Qc4+ 41. Kb1 a6 42. Nf7 Rb8 43. Ne5 Nc3+ 44. Kb2 Qa2+ 45. Kxc3 Qa1+ 46.
Kb3 Qxe5 47. a4 g5 48. Qd6 Qe3+ 49. Kb2 Qe4 50. a5 Qxg2 51. Rd8 Rxd8 52. Qxd8+
Ka7 53. Qb6+ 1/2-1/2

[Event "Elit(Rockaden,Sthlm-Limhamn)"]
[Site "?"]
[Date "2019.03.31"]
[Round "9"]
[White "Barkhagen, Jonas"]
[Black "Brynell, Stellan"]
[Result "1-0"]
[WhiteElo "2429"]
[BlackElo "2401"]
[PlyCount "95"]
1. d4 e6 2. c4 Nf6 3. Nf3 b6 4. e3 Bb7 5. Bd3 d5 6. cxd5 exd5 7. O-O Bd6 8. Nc3
O-O 9. b3 a6 10. Bb2 Nbd7 11. Ne2 Qe7 12. Ng3 g6 13. Rc1 Ne4 14. Qc2 Rac8 15.
Bxe4 dxe4 16. Nd2 Rfe8 17. Nc4 Nf6 18. d5 Nxd5 19. Nxd6 cxd6 20. Qd2 f6 21.
Rfd1 b5 22. Qd4 Rxc1 23. Rxc1 Qe6 24. h3 Kf7 25. Nxe4 Re7 26. Ng3 Rd7 27. Qd2
Ne7 28. f3 Nf5 29. Nxf5 Qxf5 30. Rc3 Qe6 31. Rd3 Bc6 32. Rd4 Kg7 33. Ba3 d5 34.
Bb2 Re7 35. Kf2 Rf7 36. Rd3 h5 37. Bd4 Qd6 38. Rc3 Bd7 39. Kg1 Bf5 40. Rc5 Rd7
41. Qc3 Bxh3 42. f4 b4 43. Qxb4 Bf5 44. Qc3 Rf7 45. Rc6 Qe7 46. Rxa6 Be4 47.
Rc6 h4 48. Bxf6+ 1-0

[Event "Elit(Rockaden,Sthlm-Limhamn)"]
[Site "?"]
[Date "2019.03.31"]
[Round "9"]
[White "Haubro, Martin"]
[Black "Sorensen, Hampus"]
[Result "1-0"]
[WhiteElo "2321"]
[BlackElo "2230"]
[PlyCount "103"]
1. e4 e5 2. Nf3 Nc6 3. Bb5 a6 4. Ba4 Nf6 5. O-O Be7 6. Re1 b5 7. Bb3 d6 8. c3
O-O 9. h3 Nb8 10. d4 Nbd7 11. Nbd2 Bb7 12. Bc2 Re8 13. Nf1 Bf8 14. Ng3 g6 15.
a4 c5 16. d5 c4 17. Bg5 Be7 18. Qd2 Nc5 19. Re2 Qa5 20. Ra3 bxa4 21. Qd1 Qc7
22. Bxa4 Reb8 23. Qd2 Bc8 24. Qe3 Rb6 25. Bd1 Rab8 26. Nd2 Rxb2 27. Nxc4 Rb1
28. Re1 Bd7 29. Nd2 R1b2 30. Nc4 Rb1 31. Nd2 R1b2 32. f4 Bb5 33. c4 Be8 34. Rf1
Ncd7 35. Rxa6 Qb7 36. Ra1 Qb4 37. fxe5 dxe5 38. Kh1 Bc5 39. Qd3 Be7 40. Nf3 Qd6
41. Qc3 R2b4 42. Ba4 Bd8 43. Bb5 Qc5 44. Be3 Qf8 45. Bd2 Be7 46. Nxe5 Nxe5 47.
Qxe5 Bxb5 48. Bxb4 Bxb4 49. cxb5 Nd7 50. Qc7 Rd8 51. e5 Nc5 52. e6 1-0

[Event "Elit(Eksjo-Stockholms SS)"]
[Site "?"]
[Date "2019.03.31"]
[Round "9"]
[White "Thorn, Eric"]
[Black "Thornert, Hakan"]
[Result "1/2-1/2"]
[WhiteElo "2271"]
[BlackElo "2191"]
[PlyCount "33"]
1. d4 d5 2. c4 e5 3. dxe5 d4 4. Nf3 Nc6 5. a3 Be6 6. e3 dxe3 7. Qxd8+ Rxd8 8.
Bxe3 Nge7 9. Nc3 Nf5 10. Rd1 Nxe3 11. Rxd8+ Kxd8 12. fxe3 g6 13. Be2 Bg7 14.
Rf1 Nxe5 15. Ng5 Ke7 16. Nxe6 fxe6 17. Rf4 1/2-1/2

[Event "Elit(Rockaden,Sthlm-Limhamn)"]
[Site "?"]
[Date "2019.03.31"]
[Round "9"]
[White "Bator, Robert"]
[Black "Schneider, Stefan"]
[Result "0-1"]
[WhiteElo "2378"]
[BlackElo "2362"]
[PlyCount "88"]
1. c4 e5 2. Nc3 Nf6 3. Nf3 Nc6 4. e4 Bb4 5. d3 d6 6. Be2 h6 7. O-O O-O 8. Ne1
Nd4 9. a3 Bxc3 10. bxc3 Nxe2+ 11. Qxe2 Nh7 12. Rb1 b6 13. Nc2 f5 14. exf5 Bxf5
15. Ne3 Be6 16. d4 Qf6 17. Bb2 Ng5 18. Nd5 Bxd5 19. cxd5 e4 20. Bc1 Rae8 21.
Bxg5 Qxg5 22. c4 e3 23. fxe3 Qxe3+ 24. Qxe3 Rxe3 25. Rfc1 Rxa3 26. c5 Ra2 27.
Rb3 Rd2 28. Re3 Rff2 29. Rg3 Rf7 30. cxd6 cxd6 31. Rg6 Rd7 32. Rc6 Rxd4 33.
Rcxd6 Rxd5 34. Rc6 Rd1+ 35. Kf2 Kh7 36. h4 b5 37. h5 b4 38. Rc8 Rd8 39. Rc4
R1d4 40. Rc5 R4d5 41. Rc4 Rxh5 42. Ra6 Rd2+ 43. Ke3 Rxg2 44. Rxb4 Rh3+ 0-1

[Event "Elit(LASK-Wasa)"]
[Site "?"]
[Date "2019.03.31"]
[Round "9"]
[White "Berg, Emanuel"]
[Black "Tikkanen, Hans"]
[Result "1/2-1/2"]
[WhiteElo "2537"]
[BlackElo "2516"]
[PlyCount "33"]
1. e4 c6 2. d4 d5 3. Nc3 dxe4 4. Nxe4 Nf6 5. Nxf6+ exf6 6. c3 Bd6 7. Bd3 O-O 8.
Qf3 c5 9. dxc5 Bxc5 10. Ne2 Nd7 11. Bf4 Ne5 12. Bxe5 fxe5 13. Rd1 Qe7 14. Ng3
Be6 15. O-O g6 16. Qe2 f6 17. Bc4 1/2-1/2

[Event "Elit(Rockaden,Umea-Vasteras)"]
[Site "?"]
[Date "2019.03.31"]
[Round "9"]
[White "Akesson, Ralf"]
[Black "Eriksson, Jorgen"]
[Result "1-0"]
[WhiteElo "2362"]
[BlackElo "2206"]
[PlyCount "101"]
1. c4 c5 2. Nf3 Nc6 3. d4 cxd4 4. Nxd4 Nf6 5. Nc3 g6 6. e4 Bg7 7. Be3 O-O 8.
Be2 d6 9. O-O Nxd4 10. Bxd4 Nd7 11. Rc1 Bxd4 12. Qxd4 Ne5 13. f4 Nc6 14. Qd2
Qb6+ 15. Kh1 Qd4 16. Qe1 Be6 17. Rd1 Qc5 18. Nd5 Bxd5 19. exd5 Nd4 20. Bd3 e6
21. b4 Qb6 22. Bb1 Rac8 23. dxe6 fxe6 24. a3 Rce8 25. Qe3 e5 26. fxe5 Rxf1+ 27.
Rxf1 Rxe5 28. Be4 Nf5 29. Qxb6 axb6 30. Bxb7 Re3 31. Ra1 Nd4 32. h3 Nc2 33. Rd1
Rxa3 34. Rxd6 Nxb4 35. Rxb6 Nd3 36. Kh2 Kg7 37. Rd6 Rc3 38. Bd5 Ne5 39. Re6 Nd3
40. Re3 Kf6 41. Be4 Rxc4 42. Bxd3 Rc7 43. Kg3 Ra7 44. h4 Ra5 45. Rf3+ Kg7 46.
Rf4 Ra7 47. Rb4 Kh6 48. Be4 Re7 49. Bf3 Re5 50. Rb7 g5 51. h5 1-0

[Event "Elit(Schack 08-Farsta)"]
[Site "?"]
[Date "2019.03.31"]
[Round "9"]
[White "Degerman, Lars"]
[Black "Nyander, Joakim"]
[Result "0-1"]
[WhiteElo "2454"]
[BlackElo "2229"]
[PlyCount "92"]
1. d4 Nf6 2. Nf3 c5 3. e3 e6 4. c4 a6 5. Nc3 b6 6. Be2 d6 7. O-O Be7 8. b3 O-O
9. Bb2 Nbd7 10. d5 e5 11. e4 Ne8 12. Ne1 g6 13. Nd3 Ng7 14. Qc2 Re8 15. f4 exf4
16. Rxf4 Bg5 17. Rf3 f5 18. exf5 Nxf5 19. Nd1 Nf6 20. Nf4 Nd4 21. Bxd4 cxd4 22.
Nf2 Ng4 23. Nxg4 Bxg4 24. Ne6 Bxf3 25. Bxf3 Qf6 26. Rf1 Be3+ 27. Kh1 Ra7 28. g3
Rf7 29. Kg2 Qf5 30. Qxf5 Rxf5 31. Rd1 Re7 32. Nxd4 Bxd4 33. Rxd4 Re3 34. Bg4
Rf6 35. Rd2 Kg7 36. Be6 a5 37. Bg4 Rf8 38. Bd1 Re1 39. Be2 h5 40. h4 Rf7 41.
Bd3 Re3 42. Be2 Rf5 43. Bd1 Rfe5 44. Rf2 Rc3 45. Kh2 Ree3 46. Rg2 Rc1 0-1

[Event "Elit(LASK-Wasa)"]
[Site "?"]
[Date "2019.03.31"]
[Round "9"]
[White "Cuenca Jimenez, Jose"]
[Black "Amin, Bassem"]
[Result "1/2-1/2"]
[WhiteElo "2512"]
[BlackElo "2712"]
[PlyCount "98"]
1. d4 Nf6 2. c4 g6 3. Nc3 Bg7 4. e4 d6 5. h3 O-O 6. Be3 c5 7. d5 e6 8. Bd3 exd5
9. exd5 Na6 10. Nf3 Nb4 11. Be2 Bf5 12. Rc1 Ne4 13. g4 Nxc3 14. bxc3 Nxa2 15.
gxf5 Nxc1 16. Qxc1 Qf6 17. fxg6 Qxc3+ 18. Qxc3 Bxc3+ 19. Kd1 hxg6 20. Kc2 Bg7
21. Rb1 b6 22. h4 Rfe8 23. Bd3 Kf8 24. h5 gxh5 25. Nh4 Rxe3 26. fxe3 Be5 27.
Nf5 Ke8 28. Rh1 Kd7 29. Rxh5 Rg8 30. Be4 Ke8 31. Bf3 a6 32. Rh6 Rg6 33. Rxg6
fxg6 34. Nh4 g5 35. Ng2 b5 36. Be2 bxc4 37. Bxc4 a5 38. Kd3 Kf7 39. Ke4 Kf6 40.
Ne1 g4 41. Bb3 Kg5 42. Ng2 Bg3 43. Ba4 Be5 44. Kd3 Bg7 45. Bd7 Be5 46. Kc4 Bb2
47. Kd3 Be5 48. Ba4 Bb2 49. Bd7 Be5 1/2-1/2

[Event "Elit(Rockaden,Umea-Vasteras)"]
[Site "?"]
[Date "2019.03.31"]
[Round "9"]
[White "Malmstig, Erik"]
[Black "Miezis, Normunds"]
[Result "1-0"]
[WhiteElo "2301"]
[BlackElo "2469"]
[PlyCount "105"]
1. d4 Nf6 2. c4 e6 3. Nc3 Bb4 4. e3 c5 5. Bd3 d5 6. cxd5 exd5 7. Nge2 Nc6 8. f3
Be6 9. O-O cxd4 10. exd4 Bd6 11. Kh1 a6 12. Bg5 h6 13. Bh4 g5 14. Bg3 h5 15.
Qb3 Bxg3 16. Nxg3 b5 17. Rae1 Kf8 18. f4 g4 19. Nge2 Qd6 20. Qd1 Re8 21. a4 b4
22. Nb1 Bc8 23. Nd2 h4 24. Kg1 Kg7 25. Nb3 Re7 26. f5 Re3 27. Qd2 Rhe8 28. Rc1
Bd7 29. Nf4 Kh7 30. Ne6 Rxd3 31. Qxd3 Ne4 32. Nec5 Bc8 33. Rce1 g3 34. Nxe4
gxh2+ 35. Kh1 dxe4 36. Rxe4 Rxe4 37. Qxe4 Qf6 38. Rf4 Kg7 39. d5 Ne7 40. Nd4
Bb7 41. Ne6+ fxe6 42. fxe6 Bxd5 43. Rxf6 Bxe4 44. Rf7+ Kg6 45. Rxe7 Kf6 46. Ra7
Kxe6 47. Rxa6+ Kd5 48. Rh6 Bc2 49. Rxh4 Kc5 50. a5 Kb5 51. Rh5+ Ka4 52. a6 Kb3
53. Re5 1-0

[Event "Elit(Schack 08-Farsta)"]
[Site "?"]
[Date "2019.03.31"]
[Round "9"]
[White "Ingbrant, Johan"]
[Black "Urkedal, Frode"]
[Result "0-1"]
[WhiteElo "2363"]
[BlackElo "2512"]
[PlyCount "80"]
1. Nf3 Nf6 2. g3 d5 3. Bg2 c5 4. c4 d4 5. b4 cxb4 6. a3 b3 7. O-O Nc6 8. d3 e5
9. Bg5 Be7 10. Nbd2 O-O 11. Nxb3 h6 12. Bxf6 Bxf6 13. Nfd2 Be7 14. Qc2 Qc7 15.
Rfb1 Rb8 16. c5 Be6 17. Rb2 Rfc8 18. Rc1 Nd8 19. Qb1 b6 20. Nc4 bxc5 21. Qc2
Bd7 22. Rcb1 a6 23. Nbd2 Rb5 24. a4 Rxb2 25. Qxb2 Bxa4 26. Qb6 Bb5 27. Qxc7
Rxc7 28. Nxe5 Bf6 29. Nec4 Nc6 30. Bxc6 Rxc6 31. Na3 Ba4 32. Rb8+ Kh7 33. Kf1
Be7 34. Rb7 Re6 35. Ke1 f5 36. Ndc4 Bc6 37. Rb2 Bd8 38. Rb8 Bc7 39. Rc8 Re7 40.
Kd2 Bb7 0-1

[Event "Elit(Rockaden,Umea-Vasteras)"]
[Site "?"]
[Date "2019.03.31"]
[Round "9"]
[White "Pantzar, Milton"]
[Black "Larsson, Johan"]
[Result "1-0"]
[WhiteElo "2331"]
[BlackElo "2197"]
[PlyCount "87"]
1. d4 d5 2. c4 e6 3. Nc3 c5 4. cxd5 exd5 5. Nf3 Nc6 6. dxc5 d4 7. Na4 Bxc5 8.
Nxc5 Qa5+ 9. Qd2 Qxc5 10. a3 Nge7 11. b4 Qb6 12. Bb2 O-O 13. Bxd4 Nxd4 14. Qxd4
Nc6 15. Qb2 a5 16. b5 a4 17. e3 Na5 18. Rd1 Nb3 19. Bc4 Qa5+ 20. Nd2 Rd8 21.
Bxb3 axb3 22. O-O Be6 23. Nxb3 Qxb5 24. Rb1 Qg5 25. Rfe1 Bh3 26. f4 Qg6 27. Nd4
b6 28. Nf3 f6 29. Qf2 Bg4 30. Nd4 Rxa3 31. Rxb6 Qe4 32. h3 Bh5 33. Re6 Qd5 34.
Re7 Qc5 35. Rxg7+ Kh8 36. Qg3 Qd5 37. Kh2 Bg6 38. Re7 Rg8 39. Qh4 Ra6 40. Rg1
Be4 41. Ne2 Qd3 42. Ng3 Ba8 43. f5 Rg7 44. Qh6 1-0

[Event "Elit(Schack 08-Farsta)"]
[Site "?"]
[Date "2019.03.31"]
[Round "9"]
[White "Ernst, Thomas"]
[Black "Laveryd, Peter"]
[Result "1-0"]
[WhiteElo "2329"]
[BlackElo "2375"]
[PlyCount "115"]
[EventDate "2019.??.??"]
1. e4 Nf6 2. e5 Nd5 3. d4 d6 4. Nf3 dxe5 5. Nxe5 c6 6. Bc4 g6 7. O-O Bg7 8. Re1
O-O 9. Bb3 Bf5 10. Nd2 Nd7 11. Nef3 a5 12. a4 N7f6 13. Nc4 Qc7 14. Nce5 Rad8
15. Qe2 c5 16. h3 Bc8 17. Bd2 b6 18. c3 e6 19. Rac1 Bb7 20. Bg5 h6 21. Bd2 Rfe8
22. Bc2 Nh7 23. Bd3 Nf8 24. Bb5 Re7 25. b4 Rc8 26. bxc5 bxc5 27. c4 Nb4 28. Bf4
g5 29. Bg3 Qb6 30. dxc5 Qxc5 31. Rcd1 Qa7 32. h4 f6 33. Ng4 e5 34. hxg5 hxg5
35. Ne3 Nc6 36. Nf5 Rd7 37. Rxd7 Nxd7 38. Bxc6 Rxc6 39. Ne7+ Kf7 40. Nxc6 Bxc6
41. Qc2 e4 42. Rxe4 Bxe4 43. Qxe4 Qc5 44. Nd2 Nb6 45. Qd3 Qc6 46. Ne4 Bf8 47.
Qf3 Kg6 48. Bd6 f5 49. Bxf8 Qxe4 50. Qc3 Kf7 51. Bh6 Nxc4 52. Bxg5 Ne5 53. f3
Qb1+ 54. Kh2 Qb8 55. Bf4 Qh8+ 56. Kg1 Nxf3+ 57. Qxf3 Qa1+ 58. Kh2 1-0

[Event "Elit(LASK-Wasa)"]
[Site "?"]
[Date "2019.03.31"]
[Round "9"]
[White "Hillarp Persson, Tiger"]
[Black "Sagit, Rauan"]
[Result "1-0"]
[WhiteElo "2549"]
[BlackElo "2435"]
[PlyCount "145"]
1. d4 f5 2. Bf4 Nf6 3. e3 e6 4. Nf3 Nc6 5. Be2 Ne7 6. Nbd2 Ng6 7. Bg3 d6 8. h4
h5 9. c3 Ng4 10. Qb3 d5 11. Bf4 c6 12. g3 Be7 13. Kf1 Qb6 14. Kg2 Bd7 15. a4
Qxb3 16. Nxb3 O-O 17. a5 Rac8 18. c4 a6 19. Rhc1 Rce8 20. Bc7 Bc8 21. Rc2 Rf7
22. Bf4 Rff8 23. Nc1 Nh8 24. Nd3 Nf7 25. b4 g6 26. Nc5 Kg7 27. Rac1 dxc4 28.
Bxc4 Bf6 29. Rd1 Re7 30. Rcd2 e5 31. dxe5 Nfxe5 32. Nxe5 Nxe5 33. Ba2 Rfe8 34.
Rd8 Nf7 35. R8d3 Ne5 36. R3d2 Nf7 37. Rc2 Ne5 38. Kf1 Nf7 39. Kg1 Ne5 40. Kg2
Nf7 41. Kf1 Ne5 42. Kg2 Nf7 43. Bb3 Ne5 44. Bg5 Nd7 45. Bxf6+ Nxf6 46. Rcd2 Ne4
47. Rd8 Nf6 48. Rxe8 Rxe8 49. Rd4 Kf8 50. Kf3 Ng4 51. Rd2 Ke7 52. Kf4 Kf6 53.
Rd6+ Kg7 54. Rd2 Nf6 55. f3 Nh7 56. Rd6 Nf8 57. e4 fxe4 58. fxe4 Bg4 59. Ke3
Rb8 60. Kd4 Nh7 61. Nd3 Rf8 62. Nf4 Rf6 63. Ke5 Rxd6 64. Kxd6 g5 65. Ne6+ Bxe6
66. Bxe6 Nf6 67. Bf5 gxh4 68. gxh4 Ne8+ 69. Kd7 Kf8 70. e5 Kf7 71. e6+ Kf8 72.
e7+ Kf7 73. Be6+ 1-0

[Event "Elit(Schack 08-Farsta)"]
[Site "?"]
[Date "2019.03.31"]
[Round "9"]
[White "Drugge, Patrick"]
[Black "Livner, Anders"]
[Result "0-1"]
[WhiteElo "2193"]
[BlackElo "2341"]
[PlyCount "73"]
1. e4 c6 2. d4 d5 3. Nc3 dxe4 4. Nxe4 Bf5 5. Ng3 Bg6 6. Nf3 Nd7 7. h4 h6 8. h5
Bh7 9. Bd3 Bxd3 10. Qxd3 e6 11. Bf4 Qa5+ 12. Bd2 Bb4 13. Ne4 Ngf6 14. Nd6+ Ke7
15. Nxb7 Bxd2+ 16. Nxd2 Qb4 17. Qb3 Qxd4 18. Qa3+ c5 19. O-O-O Rhc8 20. Rh3 Rc7
21. Na5 Qxf2 22. Ndc4 Kf8 23. Nd6 Rb8 24. Nac4 Nb6 25. Rf3 Nxc4 26. Nxc4 Qxg2
27. Qa5 Rcc8 28. Rdf1 Kg8 29. Kb1 Rd8 30. Qe1 Kh7 31. Ne5 Rd2 32. Rg1 Qe2 33.
Qxe2 Rxe2 34. Nxf7 Nxh5 35. Rh1 Rf8 36. b3 Nf6 37. Nd6 0-1

[Event "Elit(LASK-Wasa)"]
[Site "?"]
[Date "2019.03.31"]
[Round "9"]
[White "Cramling, Pia"]
[Black "Kucuksari, Kaan"]
[Result "1/2-1/2"]
[WhiteElo "2462"]
[BlackElo "2345"]
[PlyCount "91"]
1. Nf3 Nf6 2. c4 c6 3. d4 d5 4. Qc2 g6 5. e3 Bf5 6. Bd3 Bxd3 7. Qxd3 Bg7 8.
cxd5 cxd5 9. Qb5+ Qd7 10. Qxd7+ Nbxd7 11. Nc3 a6 12. Ke2 e6 13. Bd2 Ke7 14.
Rhc1 Rhc8 15. Ne1 Ne4 16. Nd3 Nxd2 17. Kxd2 Kd6 18. Rc2 Rc6 19. Rac1 Rac8 20.
f4 f5 21. Ne5 Nxe5 22. dxe5+ Kd7 23. Rg1 g5 24. g3 Bh6 25. Kd3 b5 26. Rcc1 Rg8
27. Ne2 Rc4 28. b3 Rcc8 29. Rxc8 Rxc8 30. g4 Rf8 31. Rg3 fxg4 32. Rxg4 gxf4 33.
exf4 Rf7 34. Rh4 Bf8 35. Nd4 Bc5 36. f5 Bxd4 37. fxe6+ Kxe6 38. Kxd4 h5 39.
Rxh5 Rf4+ 40. Ke3 Re4+ 41. Kd3 Rg4 42. Rh6+ Kxe5 43. Rh5+ Kd6 44. Rh6+ Ke5 45.
Rh5+ Kd6 46. Rh6+ 1/2-1/2

[Event "Elit(Rockaden,Umea-Vasteras)"]
[Site "?"]
[Date "2019.03.31"]
[Round "9"]
[White "Bergstrom, Peter"]
[Black "Lindgren, Mats"]
[Result "1-0"]
[WhiteElo "2286"]
[BlackElo "2146"]
[PlyCount "87"]
1. e4 e6 2. d4 d5 3. Nc3 Bb4 4. Nge2 dxe4 5. a3 Bxc3+ 6. Nxc3 Bd7 7. Qg4 Nf6 8.
Qxg7 Rg8 9. Qh6 Bc6 10. Be3 Nbd7 11. O-O-O a6 12. h3 Rg6 13. Qh4 Nd5 14. Qxd8+
Rxd8 15. Nxd5 exd5 16. b3 Bb5 17. c4 Bc6 18. g4 b5 19. c5 Nf8 20. Be2 Bd7 21.
Rdg1 Ne6 22. h4 Ke7 23. g5 Ng7 24. h5 Rc6 25. Bf4 Nf5 26. Be5 Rg8 27. f3 exf3
28. Bxf3 Be6 29. Kd2 Kd7 30. Be2 Kc8 31. b4 Ne7 32. a4 bxa4 33. b5 axb5 34.
Bxb5 Kb7 35. Bf6 Nc8 36. Bxc6+ Kxc6 37. Ra1 h6 38. Rhg1 hxg5 39. Rxg5 Rxg5 40.
Bxg5 Na7 41. Rxa4 Nb5 42. Bf6 Bf5 43. Ra5 Be4 44. h6 1-0

[Event "Elit(Schack 08-Farsta)"]
[Site "?"]
[Date "2019.03.31"]
[Round "9"]
[White "Ong, Kezli"]
[Black "Schutz, Ingemar"]
[Result "1-0"]
[WhiteElo "2341"]
[BlackElo "2195"]
[PlyCount "93"]
1. e4 c5 2. Nf3 d6 3. Bb5+ Nc6 4. O-O Bd7 5. Re1 a6 6. Bf1 Nf6 7. c3 Bg4 8. h3
Bh5 9. g4 Bg6 10. d4 e5 11. dxe5 dxe5 12. Qc2 Be7 13. a4 h5 14. g5 Nh7 15. Rd1
Qc7 16. Na3 Rd8 17. Be3 Rxd1 18. Rxd1 h4 19. Nxh4 Bh5 20. Rd5 Nxg5 21. Bxg5
Bxg5 22. Nf5 Ne7 23. Nxe7 Qxe7 24. Nc4 Bf4 25. Nd6+ Kf8 26. Qd3 g6 27. Nxf7
Qxf7 28. Rd8+ Kg7 29. Rd7 Rf8 30. Rxf7+ Rxf7 31. Qd6 Kh6 32. Bc4 Rg7 33. Qxc5
Bf3 34. Qd5 g5 35. Kf1 g4 36. Be2 Bxe2+ 37. Kxe2 g3 38. fxg3 Rxg3 39. Qxb7 Rxh3
40. Qxa6+ Kg5 41. Qb7 Bc1 42. Kd1 Be3 43. a5 Rh2 44. a6 Kf4 45. a7 Kf3 46. a8=Q
Rd2+ 47. Kc1 1-0

[Event "Elit(LASK-Wasa)"]
[Site "?"]
[Date "2019.03.31"]
[Round "9"]
[White "Ahlander, Bjorn"]
[Black "Lindberg, Bo"]
[Result "1-0"]
[WhiteElo "2412"]
[BlackElo "2388"]
[PlyCount "123"]
1. d4 Nf6 2. c4 e6 3. Nf3 b6 4. g3 Bb7 5. Bg2 g6 6. O-O Bg7 7. Nc3 Ne4 8. Nxe4
Bxe4 9. Bg5 f6 10. Bf4 O-O 11. Re1 d6 12. d5 e5 13. Bc1 Qc8 14. Bf1 a5 15. Nd2
Bf5 16. Nb1 Bh3 17. Nc3 Na6 18. e4 Nc5 19. Be3 Bxf1 20. Rxf1 Qh3 21. f3 Bh6 22.
Bxc5 bxc5 23. Qe2 f5 24. Nd1 Rab8 25. Nf2 Qh5 26. Kg2 Qg5 27. Rae1 a4 28. Nd3
Qd2 29. Qxd2 Bxd2 30. Re2 Bh6 31. h4 Rf7 32. g4 fxg4 33. fxg4 Bf4 34. Rf3 h6
35. Rc2 g5 36. h5 Rff8 37. Kf2 Ra8 38. Ke2 Rfb8 39. Rc3 Kf7 40. Kd1 Ke7 41. Kc2
Kd7 42. Ra3 Rb4 43. Nxb4 cxb4 44. Rad3 Ra5 45. Rd1 Rc5 46. Kd3 Kc8 47. a3 b3
48. Kc3 Kb7 49. Kb4 Kb6 50. Rc3 Ra5 51. c5+ dxc5+ 52. Kc4 Ra8 53. d6 Rd8 54. d7
Kc6 55. Rd5 Kb6 56. Rcd3 c6 57. Rd6 Bc1 58. Rxh6 Bxb2 59. Rh8 Rxh8 60. d8=Q+
Rxd8 61. Rxd8 Kc7 62. Rd1 1-0

[Event "Elit(LASK-Wasa)"]
[Site "?"]
[Date "2019.03.31"]
[Round "9"]
[White "Wedberg, Tom"]
[Black "Mauritsson, Sebastian"]
[Result "1/2-1/2"]
[WhiteElo "2428"]
[BlackElo "2322"]
[PlyCount "37"]
1. e4 c5 2. Nf3 d6 3. d4 Nf6 4. Nc3 cxd4 5. Nxd4 a6 6. Bg5 e6 7. Qf3 Be7 8.
O-O-O Qc7 9. Bd3 Nc6 10. Nxc6 bxc6 11. Qg3 e5 12. Bc4 a5 13. Qd3 a4 14. a3 Qa5
15. Bd2 Qc5 16. Be3 Qa5 17. Bd2 Qc5 18. Be3 Qa5 19. Bd2 1/2-1/2

[Event "Elit(Schack 08-Farsta)"]
[Site "?"]
[Date "2019.03.31"]
[Round "9"]
[White "Lundin, Jan"]
[Black "Arvidsson, Tomas"]
[Result "1-0"]
[WhiteElo "2301"]
[BlackElo "2034"]
[PlyCount "45"]
1. d4 Nf6 2. Nf3 g6 3. c4 Bg7 4. Nc3 d6 5. Bg5 h6 6. Bh4 g5 7. Bg3 Nh5 8. e3
Nd7 9. Be2 Ndf6 10. Qc2 Bg4 11. O-O-O Qd7 12. Ne5 dxe5 13. dxe5 Qc6 14. exf6
Nxf6 15. Bxg4 Nxg4 16. Nd5 Ne5 17. Qe4 f5 18. Qxf5 Qxc4+ 19. Kb1 Rf8 20. Qe6
Rf7 21. Rd4 Qc6 22. Bxe5 Bxe5 23. Qxe5 1-0

[Event "Elit(LASK-Wasa)"]
[Site "?"]
[Date "2019.03.31"]
[Round "9"]
[White "Dragicevic, Drazen"]
[Black "Moreau, Teodor"]
[Result "1/2-1/2"]
[WhiteElo "2340"]
[BlackElo "2322"]
[PlyCount "203"]
1. c4 Nf6 2. Nf3 e6 3. b3 c5 4. g3 Nc6 5. Bg2 d5 6. cxd5 exd5 7. O-O d4 8. d3
Be7 9. e4 dxe3 10. fxe3 Nd5 11. d4 O-O 12. Qd2 cxd4 13. exd4 Re8 14. Ne5 Nxe5
15. dxe5 Be6 16. Kh1 Qd7 17. Ba3 Rad8 18. Bxe7 Qxe7 19. Nc3 Nxc3 20. Qxc3 Bd5
21. Rae1 Bxg2+ 22. Kxg2 Qe6 23. Rf2 Rd5 24. Qc7 Rd7 25. Qc3 h6 26. Qe3 b6 27.
Qf4 Qd5+ 28. Kh3 Ree7 29. Ree2 Qe6+ 30. Qg4 Rd5 31. Qxe6 Rxe6 32. Rc2 Rdxe5 33.
Rc8+ Re8 34. Rfc2 g6 35. Rxe8+ Rxe8 36. Rc7 a5 37. Rb7 Re6 38. Kg4 Rf6 39. Kh3
h5 40. Rb8+ Kg7 41. Kg2 g5 42. Rd8 Rc6 43. Rd5 Rc5 44. Rd6 b5 45. a3 f6 46. Ra6
Rc2+ 47. Kg1 Rc3 48. Rxa5 Rxb3 49. a4 bxa4 50. Rxa4 Rb2 51. h4 g4 52. Ra5 Kg6
53. Rc5 Re2 54. Ra5 Re5 55. Ra6 Kf5 56. Ra4 Rd5 57. Rf4+ Ke5 58. Rf2 Ke6 59.
Re2+ Re5 60. Ra2 Rf5 61. Ra6+ Kf7 62. Ra7+ Kg6 63. Ra8 Rb5 64. Rh8 Rb2 65. Kf1
Rd2 66. Kg1 Rd5 67. Kg2 Kg7 68. Ra8 Re5 69. Kf2 Kf7 70. Rb8 Ke6 71. Rb6+ Kf5
72. Rb4 Rd5 73. Rb2 Rc5 74. Re2 Re5 75. Ra2 Ke4 76. Ra4+ Kd3 77. Ra3+ Kd4 78.
Ra4+ Kd5 79. Ra5+ Ke6 80. Ra6+ Kf5 81. Ra4 Rb5 82. Ra2 Rb4 83. Re2 Re4 84. Ra2
Rd4 85. Re2 Rd5 86. Ra2 Re5 87. Ra4 Kg6 88. Ra8 Re6 89. Rh8 Re4 90. Ra8 Re7 91.
Ra6 Kf7 92. Ra5 Kg6 93. Ra6 Rc7 94. Rb6 Rc5 95. Ra6 Kf5 96. Ra2 Ke6 97. Re2+
Kd6 98. Rd2+ Rd5 99. Ra2 Ke6 100. Ra6+ Rd6 101. Ra8 Rd2+ 102. Kf1 1/2-1/2

[Event "Elit(Rockaden,Sthlm-Limhamn)"]
[Site "?"]
[Date "2019.03.31"]
[Round "9"]
[White "Hector, Jonny"]
[Black "Blomqvist, Erik"]
[Result "1/2-1/2"]
[WhiteElo "2492"]
[BlackElo "2491"]
[PlyCount "131"]
[SourceDate "2019.04.07"]
1. e4 c5 2. Nf3 e6 3. d4 cxd4 4. Nxd4 Nc6 5. Nc3 a6 6. Bf4 d6 7. Nxc6 bxc6 8.
Qd2 Be7 9. e5 d5 10. g4 Rb8 11. Rb1 h5 12. gxh5 Rxh5 13. Rg1 Kf8 14. Bd3 c5 15.
b3 Nh6 16. Rd1 Nf5 17. Bxf5 Rxf5 18. Ne2 Rh5 19. c4 Bb7 20. cxd5 Qxd5 21. Qc3
Qe4 22. Rd7 Bc6 23. Rxe7 Kxe7 24. Qxc5+ Ke8 25. Rxg7 Qb4+ 26. Qxb4 Rxb4 27.
Rg8+ Kd7 28. Bg3 Bf3 29. Kd2 a5 30. Nc3 Rf5 31. Na4 Rb5 32. Ke3 Bc6 33. f4 Rh5
34. h4 Rh7 35. Be1 Ke7 36. Nb2 f6 37. Nc4 fxe5 38. fxe5 a4 39. bxa4 Rb1 40. Bg3
Rb4 41. Nd6 Rxa4 42. Bf4 Ra3+ 43. Kd2 Rxa2+ 44. Kc3 Ra8 45. Bg5+ Kd7 46. Rg6
Bd5 47. Bf6 Kc6 48. Kd4 Rha7 49. Ke3 Ra4 50. Rg1 Ra3+ 51. Kf4 Rf3+ 52. Kg4 Rxf6
53. Rc1+ Kd7 54. exf6 Kxd6 55. Kg5 e5 56. Rd1 Ke6 57. f7 Rf8 58. Ra1 e4 59. h5
Rxf7 60. h6 Rf8 61. h7 Rh8 62. Kg6 Ke5 63. Kg7 Rxh7+ 64. Kxh7 e3 65. Re1 Kf4
66. Rxe3 1/2-1/2